The Guinness history of land warfare / (Record no. 185532)
[ view plain ]
| 000 -LEADER | |
|---|---|
| fixed length control field | 00869 a2200205 4500 |
| 003 - CONTROL NUMBER IDENTIFIER | |
| control field | Nust |
| 005 - DATE AND TIME OF LATEST TRANSACTION | |
| control field | 20221229122903.0 |
| 010 ## - LIBRARY OF CONGRESS CONTROL NUMBER | |
| LC control number | 74163283 |
| 020 ## - INTERNATIONAL STANDARD BOOK NUMBER | |
| International Standard Book Number | 900424206 |
| 040 ## - CATALOGING SOURCE | |
| Transcribing agency | Nust |
| 082 00 - DEWEY DECIMAL CLASSIFICATION NUMBER | |
| Classification number | 355.02,MAC |
| 100 1# - MAIN ENTRY--PERSONAL NAME | |
| Personal name | Macksey, Kenneth. |
| 9 (RLIN) | 46254 |
| 245 14 - TITLE STATEMENT | |
| Title | The Guinness history of land warfare / |
| Statement of responsibility, etc. | Kenneth Macksey, with special maps and diagrams drawn by Michael Haine. |
| 260 ## - PUBLICATION, DISTRIBUTION, ETC. | |
| Place of publication, distribution, etc. | Enfield, |
| Name of publisher, distributor, etc. | Guinness Superlatives, |
| Date of publication, distribution, etc. | 1973. |
| 300 ## - PHYSICAL DESCRIPTION | |
| Extent | [8], 248 p. |
| Other physical details | illus. (some col.), maps, plans, ports. |
| Dimensions | 25 cm. |
| 505 ## - FORMATTED CONTENTS NOTE | |
| Formatted contents note | The Roots of Strife , The Millennium of Organization , The Equine Millennium , The Gunpowder Revolution , The Rise of Industry , The Epoch of Totality , The Epoch of Mechanization , The Paradoxical 1944 to the Presents Day |
| 650 #0 - SUBJECT ADDED ENTRY--TOPICAL TERM | |
| Topical term or geographic name entry element | Military art and science |
| General subdivision | History. |
| 650 #0 - SUBJECT ADDED ENTRY--TOPICAL TERM | |
| Topical term or geographic name entry element | Military history. |
| 942 ## - ADDED ENTRY ELEMENTS (KOHA) | |
| Source of classification or shelving scheme | |
| Koha item type | Book |
| Call number prefix | 355.02,MAC |
| Withdrawn status | Lost status | Source of classification or shelving scheme | Damaged status | Not for loan | Permanent Location | Current Location | Shelving location | Date acquired | Full call number | Barcode | Date last seen | Price effective from | Koha item type | Public note |
|---|---|---|---|---|---|---|---|---|---|---|---|---|---|---|
| Military College of Signals (MCS) | Military College of Signals (MCS) | General Stacks | 12/12/2016 | 355.02,MAC | MCS20948 | 12/08/2016 | 12/12/2016 | Book | Almirah No.52, Shelf No.2 | |||||
| Military College of Signals (MCS) | Military College of Signals (MCS) | General Stacks | 12/12/2016 | 355.02,MAC | MCS20949 | 12/08/2016 | 12/12/2016 | Book | Almirah No.52, Shelf No.2 | |||||
| Military College of Signals (MCS) | Military College of Signals (MCS) | General Stacks | 12/12/2016 | 355.02,MAC | MCS20950 | 12/08/2016 | 12/12/2016 | Book | Almirah No.52, Shelf No.2 | |||||
| Military College of Signals (MCS) | Military College of Signals (MCS) | General Stacks | 12/12/2016 | 355.02,MAC | MCS20951 | 12/08/2016 | 12/12/2016 | Book | Almirah No.52, Shelf No.2 |
